Countries that won the European Football Treble - Statistics

General Stats
  • This quiz has been taken 38 times
  • The average score is 6 of 7
Answer Stats
Treble Wins Country % Correct
1 Italy
100%
2 Spain
100%
1 France
97%
2 Germany
97%
2 England
93%
2 Netherlands
87%
1 Scotland
73%
No matching quizzes found
Score Distribution
Percent of People with Each Score
Percentile by Number Answered
Your Score History
You have not taken this quiz